1993 1381 1371 1801 1302 1720 1327 1418 1780 1986 1376 1140 1401 1701 1121 1929 1051 1172 1235 1890 1700 1273 1771 1207 1366 1240 1788 1035 1229 1272 1581 1464 1510 1056 1608 1281 1555 1335 1246 1877 1735 1356 1499 1713 1127 1078 1184 1342 1179 1438 1344 1095 1275 1225 1974 1133 1220 1230 1881 1448 1928 1717 1069 1806 1457 1035 1965 1701 1562 1761 1029 1243 1384 1970 1416 1273 1944 1455 1048 1261 1506 1308 1428 1709 1936 1525 1364 1215 1241 1012 1602 1001 1275 1559 1719 1830 1117 1694 1147 BCNSPRNW ULIB Ver.6.0+V

เปลี่ยนเป็นภาษาไทย

Change to English
 แสดงรายละเอียดบรรณานุกรม
  กลับหน้าหลัก

Brief Record : Get Marc (ISO 2709) : E-mail record : QR code < ปิดหน้าต่าง
LEADER : 00000nam 2200000uu 4500
001    13399127484
003     ULIB
008    200610s2020||||th 000 0 tha d
020    ^a9780323595421
060    ^aWY100^bH371U
100    ^aHaugen Nancy , Galura J. Sandra (Author)
245    ^aUlrich & Canale s Nursing Care Planning Guides: Prioritization, Delegation, and Clinical Reasoning
250    ^a8th ed
260    ^aSt.Louis, Missouri :^bELSEVIER,^c2020
300    ^a912 pages;^b28 cm
650    ^aNursing Care Planning
945    ^p0^l0^i28390
999    ^aกัณชพร จุลอักษร
รายการนี้ยังไม่มีแท็ก
คุณยังไม่ได้ล็อกอิน คุณสามารถมีกิจกรรมร่วมกับเว็บไซต์ได้ แต่ต้องล็อกอินก่อน ::
  ล็อกอิน

รายการสื่อสารสนเทศ

ลำดับที่ ประเภท เลขเรียก/บาร์โค้ด สถานที่ สถานะ
1. หนังสือสำรอง
หนังสือสำรอง
WY100 H371U ฉ.1 
  Barcode: 28390
ห้องสมุดวิทยาเขตนครสวรรค์
►หนังสือทั่วไป:l:General Books
บนชั้น

รายการใกล้เคียง
    ชื่อเรื่อง [Ulrich & Canale s Nursing Care Planning Guides: Prioritization, Delegation, and Clinical Reasoning]

    หัวเรื่อง [Nursing Care Planning]

BibComment


ยังไม่เคยถูกคอมเมนท์

คอมเมนท์ทรัพยากรรายการนี้
  คอมเมนท์: Ulrich Canale s..


 Copyright 2026. Bcnsprnw @Library